United States Airports - Statistics

General Stats
  • This quiz has been taken 48 times
    32 since last reset
  • The average score is 36 of 44
Answer Stats
Airport State % Correct
JFK New York
95%
LGA New York
95%
LAX California
89%
SFO California
89%
SAN California
89%
SNA California
89%
SJC California
89%
PHX Arizona
84%
MCO Florida
84%
MIA Florida
84%
FLL Florida
84%
TPA Florida
84%
HNL Hawaii
84%
ORD Illinois
84%
MDW Illinois
84%
IND Indiana
84%
BOS Massachusetts
84%
MCI Missouri
84%
STL Missouri
84%
LAS Nevada
84%
CLT North Carolina
84%
PHL Pennsylvania
84%
PIT Pennsylvania
84%
DFW Texas
84%
IAH Texas
84%
AUS Texas
84%
DAL Texas
84%
HOU Texas
84%
SEA Washington
84%
DEN Colorado
79%
ATL Georgia
79%
MSY Louisiana
79%
BWI Maryland
79%
DTW Michigan
79%
MSP Minnesota
79%
PDX Oregon
79%
MEM Tennessee
79%
BNA Tennessee
79%
SLC Utah
79%
CLE Ohio
74%
CVG Kentucky
68%
EWR New Jersey
68%
IAD Virginia
68%
DCA Virginia
68%
No matching quizzes found
Score Distribution
Percent of People with Each Score
Percentile by Number Answered
Your Score History
You have not taken this quiz since the last reset